Every Successful Roman Reigns World Title Defence/Win - Statistics

General Stats
  • This quiz has been taken 166 times
    98 since last reset
  • The average score is 43 of 46
Answer Stats
Championship Event Match Wrestler % Correct
WWE Universal Championship WWE SummerSlam 2018 Singles Brock Lesnar
100%
WWE Universal Championship WWE Crown Jewel 2021 Singles Brock Lesnar
100%
WWE Universal Championship / WWE Championship WWE WrestleMania 38 (Night: 2) Singles (Unification: Winner Takes All) Brock Lesnar
100%
WWE Universal Championship / WWE Championship WWE SummerSlam 2022 Last Man Standing Brock Lesnar
100%
WWE Universal Championship WWE Clash of Champion 2020 Singles Jey Uso
100%
WWE Universal Championship WWE Hell in a Cell 2020 Hell in a Cell I Quit Match Jey Uso
100%
WWE Universal Championship / WWE Championship WWE SummerSlam 2023 Tribal Combat Jey Uso
100%
WWE Universal Championship / WWE Championship WWE Royal Rumble 2024 Fatal 4-Way Randy Orton
100%
WWE Universal Championship / WWE Championship WWE WrestleMania 39 (Night: 2) Singles Cody Rhodes
99%
WWE Universal Championship WWE WrestleMania 37 (Night: 2) Triple Threat Edge
99%
WWE Universal Championship WWE Money in the Bank 2021 Singles Edge
99%
WWE World Heavyweight Championship WWE Payback 2016 Singles (No Countout, No Disqualification) AJ Styles
97%
WWE World Heavyweight Championship WWE Extreme Rules 2016 Extreme Rules AJ Styles
97%
WWE Universal Championship / WWE Championship WWE Royal Rumble 2024 Fatal 4-Way AJ Styles
97%
WWE Universal Championship WWE Elimination Chamber 2021 Singles Daniel Bryan
97%
WWE Universal Championship WWE Fastlane 2021 Singles (Special Enforcer: Edge) Daniel Bryan
97%
WWE Universal Championship WWE WrestleMania 37 (Night: 2) Triple Threat Daniel Bryan
97%
WWE Universal Championship / Daniel Bryan's Career WWE SmackDown: 30/04/2021 Singles Daniel Bryan
97%
(VACANT) WWE World Heavyweight Championship WWE Survivor Series 2015 Singles Dean Ambrose
97%
WWE Universal Championship WWE TLC 2020 TLC Kevin Owens
97%
WWE Universal Championship WWE SmackDown: 22/12/2020 Steel Cage Kevin Owens
97%
WWE Universal Championship WWE Royal Rumble 2021 Last Man Standing Kevin Owens
97%
WWE Universal Championship / WWE Championship WWE Royal Rumble 2023 Singles Kevin Owens
97%
WWE Universal Championship WWE Royal Rumble 2022 Singles Seth Rollins
97%
WWE Universal Championship / WWE Championship WWE Clash at the Castle 2022 Singles Drew McinTyre
96%
WWE Universal Championship WWE Hell in a Cell 2018 Hell in a Cell Braun Strowman
94%
WWE Universal Championship WWE Payback 2020 No Holds Barred Triple Threat Braun Strowman
94%
WWE Universal Championship WWE SmackDown: 16/10/2020 Singles Braun Strowman
94%
WWE Universal Championship / WWE Championship WWE Crown Jewel 2023 Singles LA Knight
94%
WWE Universal Championship / WWE Championship WWE Royal Rumble 2024 Fatal 4-Way LA Knight
94%
WWE Universal Championship WWE SmackDown: 03/12/2021 Singles Sami Zayn
94%
WWE Universal Championship / WWE Championship WWE Elimination Chamber 2023 Singles Sami Zayn
94%
WWE World Heavyweight Championship WWE WrestleMania 32 Singles Triple H
94%
WWE Universal Championship WWE Extreme Rules 2021 Extreme Rules "Demon" Finn Balor
93%
WWE Universal Championship WWE RAW: 20/08/2018 Singles Finn Balor
93%
WWE Universal Championship WWE SmackDown: 03/09/2021 Singles Finn Balor
93%
WWE Universal Championship WWE SummerSlam 2021 Singles John Cena
93%
WWE Universal Championship WWE Payback 2020 No Holds Barred Triple Threat "The Fiend" Bray Wyatt
93%
WWE Universal Championship / WWE Championship WWE Crown Jewel 2022 Singles Logan Paul
92%
WWE World Heavyweight Championship WWE RAW: 14/12/2015 Singles Sheamus
92%
WWE World Heavyweight Championship WWE RAW: 04/01/2016 Singles (Special Guest Referee: Mr. McMahon) Sheamus
92%
WWE Universal Championship / WWE Championship WWE SmackDown: 17/06/2022 Singles Riddle
86%
WWE Universal Championship WWE WrestleMania Backlash 2021 Singles Cesaro
83%
WWE Universal Championship WWE Elimination Chamber 2022 Singles Goldberg
83%
WWE Universal Championship WWE SmackDown: 18/06/2021 Hell in a Cell Rey Mysterio
80%
WWE Universal Championship WWE RAW: 17/09/2018 Singles Baron Corbin
51%
No matching quizzes found
Score Distribution
Percent of People with Each Score
Percentile by Number Answered
Your Score History
You have not taken this quiz since the last reset